(NEW) Choo Choo! Who's Who? - Statistics

General Stats
  • This quiz has been taken 259 times
    174 since last reset
  • The average score is 10 of 12
Answers on the Map
Answers color-coded by a green-red scale on the quiz's map according to % correct below.
 
Answer Stats
Answer % Correct
Sideshow
96%
mimi
94%
Bren
93%
Achilios
90%
Chobra
90%
Dryad
88%
Wyatt
88%
Sliggy
87%
ThinkingMansValorant
80%
Kurt
79%
Gaia/Aurae
67%
Sluggy
60%
No matching quizzes found
Score Distribution
Percent of People with Each Score
Percentile by Number Answered
Your Score History
You have not taken this quiz since the last reset